Wszystkie miejscowości przy DK25 - Statystyki

Ogólne statystyki
  • Ten quiz został rozwiązany 4 razy
    3 od ostatniego zresetowania
  • Średni wynik to 10 z 126
Statystyki odpowiedzi
Powiat Miejscowość % Poprawnych
miasto na prawach powiatu Bydgoszcz
100%
człuchowski Człuchów
100%
inowrocławski Inowrocław
100%
miasto na prawach powiatu Kalisz
100%
miasto na prawach powiatu Konin
100%
sępoleński Sępólno Krajeńskie
100%
szczecinecki Biały Bór
50%
koszaliński Bobolice
50%
sępoleński Kamień Krajeński
50%
ostrowski Nowe Skalmierzyce
50%
ostrowski Ostrów Wielkopolski
50%
koniński Skulsk
50%
mogileński Strzelno
50%
kaliski Anielin
0%
ostrowski Antonin
0%
inowrocławski Balin
0%
mogileński Berlinek
0%
koniński Biała Panieńska
0%
szczecinecki Biały Dwór
0%
ostrowski Biskupice Ołoboczne
0%
inowrocławski Borkowo
0%
ostrowski Bronisławka
0%
człuchowski Brzezie
0%
bydgoski Brzoza
0%
mogileński Busewo
0%
bydgoski Buszkowo
0%
koniński Celinowo
0%
bydgoski Chmielniki
0%
ostrowski Chojnik
0%
kaliski Czajków
0%
ostrowski Czekanów
0%
mogileński Dąbek
0%
człuchowski Dobojewo
0%
oleśnicki Drołtowice
0%
sępoleński Dziedno
0%
ostrowski Fabianów
0%
człuchowski Głędowo
0%
koniński Główiew
0%
ostrowski Gniazdów
0%
inowrocławski Gnojno
0%
bydgoski Gościeradz
0%
człuchowski Gwieździn
0%
koniński Honoratka
0%
inowrocławski Jacewo
0%
inowrocławski Jaksice
0%
inowrocławski Jaksiczki
0%
sępoleński Jakubowo
0%
człuchowski Jęczniki Wielkie
0%
mogileński Jeziora Wielkie
0%
koniński Kijowiec
0%
człuchowski Kleśnik
0%
kaliski Kokanin
0%
człuchowski Kołdowo
0%
kaliski Kolonia Kokanin
0%
bydgoski Koronowo
0%
ostrzeszowski Kotowskie
0%
mogileński Kuśnierz
0%
koniński Lisewo
0%
koniński Lisewo-Parcele
0%
koniński Lubiny
0%
bydgoski Lucim
0%
bydgoski Mąkowarsko
0%
mogileński Markowice
0%
inowrocławski Marulewy
0%
inowrocławski Miechowice
0%
oleśnicki Międzybórz
0%
mogileński Młyny
0%
koniński Modła Królewska
0%
sępoleński Niechorz
0%
kaliski Niedźwiady
0%
sępoleński Nowa Wieś
0%
bydgoski Nowa Wieś Wielka
0%
człuchowski Nowosiółki
0%
kaliski Nowy Kiączyn
0%
mogileński Nożyczyn
0%
sępoleński Obodowo
0%
sępoleński Olszewka
0%
inowrocławski Orłowo
0%
sępoleński Orzełek
0%
oleśnicki Ose
0%
oleśnicki Oska Piła
0%
oleśnicki Ostrowina
0%
ostrowski Pawłów
0%
kaliski Piątek Mały
0%
kaliski Piątek Mały-Kolonia
0%
koniński Pilich
0%
sępoleński Płocicz
0%
koszaliński Pniewki
0%
koszaliński Porost
0%
koniński Posada
0%
bydgoski Prądocin
0%
mogileński Proszyska
0%
inowrocławski Przedbojewice
0%
sępoleński Przepałkowo
0%
koniński Przyłubie
0%
kaliski Russów
0%
koniński Rychwał
0%
człuchowski Rzeczenica
0%
sępoleński Siedlisko
0%
ostrowski Skalmierzyce
0%
koniński Skulska Wieś
0%
inowrocławski Sławęcinek
0%
koniński Ślesin
0%
ostrowski Smardów
0%
oleśnicki Sokołowice
0%
człuchowski Sporysz
0%
koniński Stare Miasto
0%
koniński Starostwo
0%
kaliski Stawiszyn
0%
człuchowski Stołczno
0%
bydgoski Stopka
0%
ostrowski Strugi
0%
inowrocławski Strzemkowo
0%
koniński Szyszyńskie Holendry
0%
bydgoski Tarkowo Dolne
0%
inowrocławski Tarkowo Górne
0%
bydgoski Tryszczyn
0%
człuchowski Wierzchowo-Dworzec
0%
kaliski Witoldów
0%
mogileński Wronowy
0%
ostrowski Wysocko Wielkie
0%
sępoleński Zamarte
0%
kaliski Zbiersk
0%
człuchowski Zbrzyca
0%
inowrocławski Złotniki Kujawskie
0%
koniński Zosinki
0%
Nie znaleziono quizów pasujących do podanych kryteriów
Rozkład punktacji
Procent ludzi z każdym wynikiem
Percentyl według liczby udzielonych odpowiedzi
Twoja historia wyników
Nie rozwiązałeś tego quizu od ostatniego zresetowania